00877nam a2200229Ia 4500003000400000005001700004008004100021020001500062040002100077041000800098082001400106100003500120245008400155250002200239260003500261300003000296490001500326500006000341520018900401650001900590700003800609OSt20250612112607.0191128s2001 ck er 000 f spa d a9588061830 aCO-JMCRcCO-JMCR aspa04aJ-NbSIEc1 aSierra i Fabra, Jordi, eautor13aLas chicas de alambre / cJordi Sierra i Fabra ; Editora, Marta Higueras Díez aPrimera edición aBogotá : bAlfaguara, c2001 a220 páginas ; c 23 cm. aSerie roja aIncluye datos biográficos del autor en página [221] aJon Boix tiene veinticinco años y es periodista. Su nuevo reportaje trata de aclarar el misterio de una de las más famosas top models de la historia, desaparecida hace diez años.14aNovela juvenil aHigueras Díez, Marta, eeditora